[Event "BPB Limburg open B"]
[Site "Maastricht"]
[Date "2014.06.06"]
[Round "1"]
[White "Wuijts, Johan"]
[Black "Gorts, Sven"]
[Result "1-0"]
[WhiteElo "1756"]
[BlackElo "1916"]
[PlyCount "73"]
[EventDate "2014.06.06"]
[EventType "swiss"]
[EventRounds "7"]
[EventCountry "NED"]
[Source "P.Boonen"]
[SourceDate "2014.10.10"]

1. b3 d5 2. e3 e5 3. Bb2 Bd6 4. Nf3 Nd7 5. c4 Ngf6 6. d4 e4 7. Ne5 c6 8. cxd5
cxd5 9. Be2 O-O 10. O-O Qc7 11. Nc3 Nxe5 12. Nb5 Nf3+ 13. gxf3 Bxh2+ 14. Kh1
Qb8 15. f4 Bxf4 16. exf4 Qxf4 17. Ba3 Qh4+ 18. Kg1 Rd8 19. Qd2 Bh3 20. Rfe1 a6
21. Nd6 g5 22. Qe3 Nh5 23. Bxh5 Qxh5 24. Qg3 f5 25. Re3 Bg4 26. Qe5 Rxd6 27.
Bxd6 Qf7 28. Rc3 Re8 29. Rc7 Rxe5 30. Rxf7 Kxf7 31. Bxe5 Kg6 32. Rc1 Be2 33.
Rc5 Kh5 34. Rxd5 Kg4 35. Rd7 h5 36. Rg7 f4 37. Bf6 1-0

[Event "BPB Limburg open B"]
[Site "Maastricht"]
[Date "2014.06.06"]
[Round "1"]
[White "Yildiz, Kemal"]
[Black "Bauchmueller, Franz Josef"]
[Result "1-0"]
[WhiteElo "1938"]
[BlackElo "1789"]
[PlyCount "87"]
[EventDate "2014.06.06"]
[EventType "swiss"]
[EventRounds "7"]
[EventCountry "NED"]
[Source "P.Boonen"]
[SourceDate "2014.10.10"]

1. d4 d5 2. c4 e5 3. dxe5 d4 4. Nf3 Nc6 5. g3 Bb4+ 6. Bd2 Bxd2+ 7. Nbxd2 Bg4 8.
Bg2 Qe7 9. O-O O-O-O 10. Qa4 Qb4 11. Qxb4 Nxb4 12. a3 Nc6 13. b4 f6 14. exf6
Nxf6 15. b5 Na5 16. h3 Be6 17. Ne5 Rhe8 18. f4 Nh5 19. Kh2 g6 20. Rac1 Ng7 21.
g4 h5 22. Kg3 Bg8 23. Ndf3 Nb3 24. Rc2 Nc5 25. Ng5 hxg4 26. hxg4 Nge6 27. Nxe6
Bxe6 28. Rd1 g5 29. fxg5 Bg8 30. Nd3 Re3+ 31. Kh2 Ne6 32. Nb4 Nxg5 33. Nd5 Bxd5
34. cxd5 Rxa3 35. Rxd4 Rh8+ 36. Kg1 Ra1+ 37. Kf2 Rf8+ 38. Ke3 Ra3+ 39. Rd3 Ra5
40. d6 Rf7 41. Rc5 Ne6 42. Re5 Nf4 43. d7+ Rxd7 44. Re8+ 1-0

[Event "BPB Limburg open B"]
[Site "Maastricht"]
[Date "2014.06.06"]
[Round "1"]
[White "Zimmermann, Michael"]
[Black "Ucaroglu Melih, Furkan"]
[Result "1/2-1/2"]
[WhiteElo "1902"]
[BlackElo "1738"]
[PlyCount "116"]
[EventDate "2014.06.06"]
[EventType "swiss"]
[EventRounds "7"]
[EventCountry "NED"]
[Source "P.Boonen"]
[SourceDate "2014.10.10"]

1. e4 c5 2. c4 Nc6 3. Nc3 g6 4. g3 Bg7 5. Bg2 d6 6. d3 Nf6 7. h3 O-O 8. Nge2
Bd7 9. O-O Rb8 10. Be3 a6 11. Qd2 b5 12. f4 bxc4 13. dxc4 Qb6 14. Rab1 Rfd8 15.
g4 Qa5 16. b3 Ne8 17. Rbd1 Nc7 18. Kh1 Ne6 19. Nd5 Qxd2 20. Rxd2 Ned4 21. Ndc3
e6 22. Ng3 Be8 23. Nce2 a5 24. Bxd4 cxd4 25. Nc1 e5 26. Nd3 Nb4 27. Nc1 exf4
28. Nge2 g5 29. Nxd4 Bxd4 30. Rxd4 Rd7 31. Rfd1 Rbd8 32. R1d2 f6 33. Ne2 Nc6
34. R4d3 Ne5 35. Rc3 Rc8 36. Nd4 Bg6 37. Kg1 a4 38. Nf5 axb3 39. axb3 Rc6 40.
Kf2 h5 41. Bf3 hxg4 42. Nh6+ Kg7 43. Nxg4 Nxf3 44. Kxf3 Re7 45. Nf2 Bh5+ 46.
Kg2 Bg6 47. Rd4 f5 48. exf5 Bxf5 49. Rd5 Kg6 50. b4 Re3 51. Rc1 Be4+ 52. Nxe4
Rxe4 53. b5 Rexc4 54. Rxd6+ Rxd6 55. Rxc4 Rd2+ 56. Kf3 Rd3+ 57. Kg2 Rb3 58. h4
gxh4 1/2-1/2

[Event "BPB Limburg open B"]
[Site "Maastricht"]
[Date "2014.06.07"]
[Round "2"]
[White "Alvarez Carbajales, Fermin"]
[Black "Cromsight, Jeroen"]
[Result "0-1"]
[WhiteElo "1952"]
[BlackElo "1939"]
[PlyCount "84"]
[EventDate "2014.06.06"]
[EventType "swiss"]
[EventRounds "7"]
[EventCountry "NED"]
[Source "P.Boonen"]
[SourceDate "2014.10.10"]

1. e4 e5 2. Nf3 Nc6 3. Bb5 a6 4. Ba4 Nf6 5. O-O Nxe4 6. d4 b5 7. Bb3 d5 8. dxe5
Be6 9. Nbd2 Bc5 10. Nxe4 dxe4 11. Bxe6 fxe6 12. Ng5 Qxd1 13. Rxd1 e3 14. Nxe6
exf2+ 15. Kf1 Bb6 16. Nxg7+ Kf7 17. Rd7+ Kg6 18. Bf4 Rad8 19. Rad1 Rxd7 20.
Rxd7 Nb8 21. e6 Nxd7 22. exd7 Kf7 23. Bg5 c6 24. Ne8 Ke6 25. d8=Q Bxd8 26. Bxd8
Rxe8 27. Bb6 Kd5 28. Kxf2 c5 29. Bc7 Re4 30. h3 Rb4 31. b3 Re4 32. c3 Re7 33.
Bh2 b4 34. cxb4 cxb4 35. g4 Re6 36. Bf4 Rc6 37. Bd2 Rc2 38. Ke3 Rxa2 39. Bxb4
Rb2 40. Kd3 Rxb3+ 41. Bc3 Rxc3+ 42. Kxc3 Ke4 0-1

[Event "BPB Limburg open B"]
[Site "Maastricht"]
[Date "2014.06.07"]
[Round "2"]
[White "Arns, Danny"]
[Black "Boschmans, Johan"]
[Result "1-0"]
[WhiteElo "1781"]
[BlackElo "1878"]
[PlyCount "63"]
[EventDate "2014.06.06"]
[EventType "swiss"]
[EventRounds "7"]
[EventCountry "NED"]
[Source "P.Boonen"]
[SourceDate "2014.10.10"]

1. e4 c6 2. d4 d5 3. e5 c5 4. dxc5 Nc6 5. Nf3 e6 6. Be3 Qc7 7. Bb5 Bd7 8. Bxc6
Bxc6 9. c3 Ne7 10. Nbd2 Nf5 11. Bd4 Be7 12. a4 b6 13. cxb6 axb6 14. O-O O-O 15.
Re1 Ra6 16. g4 Nh4 17. Nxh4 Bxh4 18. Re3 Bg5 19. Rh3 Rfa8 20. b3 b5 21. Nf3 Qe7
22. Qd3 h6 23. Rh5 g6 24. Nxg5 hxg5 25. Rh6 Qf8 26. Qh3 Qg7 27. Be3 f6 28. exf6
Qxf6 29. Bd4 e5 30. Bxe5 Qxe5 31. Rxg6+ Kf8 32. Qh7 1-0

[Event "BPB Limburg open B"]
[Site "Maastricht"]
[Date "2014.06.07"]
[Round "2"]
[White "Bauchmueller, Franz Josef"]
[Black "Visser, Sebastiaan"]
[Result "1/2-1/2"]
[WhiteElo "1789"]
[BlackElo "1874"]
[PlyCount "70"]
[EventDate "2014.06.06"]
[EventType "swiss"]
[EventRounds "7"]
[EventCountry "NED"]
[Source "P.Boonen"]
[SourceDate "2014.10.10"]

1. e4 c6 2. d4 d5 3. e5 Bf5 4. Bd3 Bxd3 5. Qxd3 e6 6. f4 c5 7. c3 Nc6 8. Ne2
Qb6 9. a3 Nh6 10. b4 cxd4 11. cxd4 Nf5 12. Bb2 Rc8 13. g4 Nh6 14. Qh3 a5 15. f5
axb4 16. fxe6 fxe6 17. O-O Nxe5 18. Qh5+ Nhf7 19. Kh1 g6 20. Qh3 Ng5 21. Qe3
Nef7 22. Nd2 Bh6 23. Nf4 O-O 24. h4 Ne4 25. Nxe4 dxe4 26. g5 Bg7 27. Qxe4 Rfe8
28. Nxg6 hxg6 29. Qxg6 Qc6+ 30. Kg1 Qc7 31. Rf3 Nh8 32. Qd3 Qc2 33. Rb1 Qxd3
34. Rxd3 bxa3 35. Bxa3 Rc4 1/2-1/2

[Event "BPB Limburg open B"]
[Site "Maastricht"]
[Date "2014.06.07"]
[Round "2"]
[White "Been, Klaas"]
[Black "Verheij, Albert"]
[Result "0-1"]
[WhiteElo "1799"]
[BlackElo "1850"]
[PlyCount "77"]
[EventDate "2014.06.06"]
[EventType "swiss"]
[EventRounds "7"]
[EventCountry "NED"]
[Source "P.Boonen"]
[SourceDate "2014.10.10"]

1. d4 e6 2. Nf3 f5 3. e3 Nf6 4. Nbd2 d5 5. c4 c6 6. Be2 Bd6 7. b3 O-O 8. Bb2
Nbd7 9. O-O Ng4 10. h3 Ngf6 11. Ne5 Ne4 12. Kh2 Qf6 13. f4 Qh4 14. Nxe4 fxe4
15. g3 Qh6 16. Ng4 Qg6 17. Ne5 Nxe5 18. fxe5 Rxf1 19. Qxf1 Be7 20. Re1 Bd7 21.
Qg1 Rf8 22. Rf1 Rf5 23. Rxf5 exf5 24. Qf2 Qh6 25. Bf1 Qe6 26. Bc1 h5 27. h4 g5
28. Bh3 dxc4 29. b4 g4 30. Bf1 c3 31. a3 Qb3 32. Qe1 Be6 33. Be2 a5 34. Qd1 Qa2
35. Kg1 axb4 36. axb4 Bxb4 37. Qe1 b5 38. Qf2 Be7 39. d5 0-1

[Event "BPB Limburg open B"]
[Site "Maastricht"]
[Date "2014.06.07"]
[Round "2"]
[White "Bekedam, Tyro"]
[Black "Senders, Justin"]
[Result "0-1"]
[WhiteElo "1809"]
[BlackElo "1957"]
[PlyCount "114"]
[EventDate "2014.06.06"]
[EventType "swiss"]
[EventRounds "7"]
[EventCountry "NED"]
[Source "P.Boonen"]
[SourceDate "2014.10.10"]

1. e4 Nf6 2. Nc3 e5 3. Nf3 Nc6 4. d4 exd4 5. Nxd4 Bb4 6. Nxc6 bxc6 7. Bd3 d5 8.
exd5 cxd5 9. O-O O-O 10. Bg5 c6 11. Qf3 Be7 12. Rfe1 h6 13. Bh4 Be6 14. h3 Rb8
15. Rab1 Qd7 16. Na4 Rb4 17. Bxf6 Bxf6 18. Nc5 Qd6 19. Nxe6 fxe6 20. Qh5 Bd4
21. Re2 Qg3 22. Kh1 Bxf2 23. Rxf2 Qxf2 24. Qg6 Qf6 25. Qh7+ Kf7 26. Rf1 Rf4 27.
Bg6+ Ke7 28. Rxf4 Qxf4 29. Qxg7+ Kd6 30. Bd3 e5 31. Qxa7 e4 32. Qa3+ Ke6 33.
Be2 Qd6 34. Qe3 Qf4 35. Qc3 Qd6 36. Qe3 Rf6 37. Bg4+ Kf7 38. Be2 Kg7 39. c4 Qe5
40. cxd5 cxd5 41. Qc5 Re6 42. Kg1 d4 43. Qc8 d3 44. Bd1 Re7 45. Bb3 e3 46. Qg4+
Kf6 47. Qh4+ Kg6 48. Qg4+ Qg5 49. Qd4 e2 50. Qxd3+ Kg7 51. Qd4+ Qf6 52. Qg4+
Qg6 53. Qd4+ Kh7 54. Bg8+ Kxg8 55. Qd8+ Kf7 56. Qd5+ Kg7 57. Qd4+ Kh7 0-1

[Event "BPB Limburg open B"]
[Site "Maastricht"]
[Date "2014.06.07"]
[Round "2"]
[White "Beukema, Jasper"]
[Black "Wuijts, Johan"]
[Result "1/2-1/2"]
[WhiteElo "1862"]
[BlackElo "1756"]
[PlyCount "102"]
[EventDate "2014.06.06"]
[EventType "swiss"]
[EventRounds "7"]
[EventCountry "NED"]
[Source "P.Boonen"]
[SourceDate "2014.10.10"]

1. e4 e6 2. d4 d5 3. Nc3 Bb4 4. e5 c5 5. a3 Bxc3+ 6. bxc3 Qc7 7. Bd2 Ne7 8. Qg4
Nbc6 9. Bd3 Bd7 10. Nf3 c4 11. Be2 O-O-O 12. O-O f6 13. Qxg7 Rdf8 14. exf6 Nf5
15. Qg5 Rhg8 16. Qf4 Qd8 17. Ne5 Qxf6 18. Nxc6 Bxc6 19. g3 Ba4 20. Ra2 Kd7 21.
Rb2 Nd6 22. Qxf6 Rxf6 23. f3 h5 24. Kg2 b5 25. Rg1 Nf5 26. Kf2 Nd6 27. Ke1 a6
28. Kd1 Nf5 29. Kc1 Rff8 30. Rb1 a5 31. Rf1 Rb8 32. Bf4 Rbf8 33. Bd2 Kc6 34.
Kb2 b4 35. axb4 axb4 36. cxb4 Nxd4 37. Bd1 Nb5 38. Ra1 Ra8 39. Re1 Kd7 40. c3
Bxd1 41. Raxd1 Ra3 42. Ra1 Rga8 43. Rxa3 Rxa3 44. g4 Rb3+ 45. Kc2 d4 46. cxd4
Nxd4+ 47. Kc1 Nxf3 48. Re4 hxg4 49. Rxg4 Nxd2 50. Kxd2 Rxb4 51. Kc3 Rb3+
1/2-1/2

[Event "BPB Limburg open B"]
[Site "Maastricht"]
[Date "2014.06.07"]
[Round "2"]
[White "Blijlevens, Pim"]
[Black "Schleipfenbauer, Bent"]
[Result "1-0"]
[WhiteElo "1934"]
[BlackElo "1953"]
[PlyCount "51"]
[EventDate "2014.06.06"]
[EventType "swiss"]
[EventRounds "7"]
[EventCountry "NED"]
[Source "P.Boonen"]
[SourceDate "2014.10.10"]

1. d4 Nf6 2. Bg5 Ne4 3. Bh4 c5 4. f3 g5 5. fxe4 gxh4 6. e3 Bh6 7. Kf2 Qb6 8.
Nc3 cxd4 9. exd4 Nc6 10. Nd5 Qa5 11. c3 e6 12. Nf6+ Ke7 13. e5 Nxe5 14. dxe5
Qxe5 15. Ng4 Qf5+ 16. Qf3 Qc5+ 17. Ke1 Bg7 18. Qe3 Qf5 19. Nf2 d6 20. Nf3 Bd7
21. Bd3 Qa5 22. Nxh4 Rac8 23. Nf5+ Kf8 24. Nxg7 Kxg7 25. Ne4 h6 26. Qg3+ 1-0

[Event "BPB Limburg open B"]
[Site "Maastricht"]
[Date "2014.06.07"]
[Round "2"]
[White "Bondarchuk, Vadim"]
[Black "Schubert, Karl"]
[Result "1-0"]
[WhiteElo "2039"]
[BlackElo "1925"]
[PlyCount "99"]
[EventDate "2014.06.06"]
[EventType "swiss"]
[EventRounds "7"]
[EventCountry "NED"]
[Source "P.Boonen"]
[SourceDate "2014.10.10"]

1. e4 d6 2. d4 Nf6 3. Nc3 g6 4. f3 Bg7 5. Be3 c6 6. Qd2 h6 7. O-O-O b5 8. Qf2
b4 9. Nce2 Qc7 10. g4 Nbd7 11. h4 Bb7 12. Ng3 O-O-O 13. N1e2 c5 14. Kb1 Nb6 15.
Bh3 Nfd7 16. b3 Kb8 17. h5 g5 18. Rhf1 e6 19. Nc1 c4 20. Nce2 a5 21. f4 f6 22.
Bg2 Rhf8 23. d5 Rfe8 24. Nd4 exd5 25. Ndf5 Bf8 26. exd5 Nc5 27. Bd4 Nbd7 28.
Bb2 cxb3 29. axb3 a4 30. Nd4 a3 31. Ba1 Qa5 32. Ka2 Nb6 33. Nc6+ Bxc6 34. dxc6
Nba4 35. bxa4 Qxa4 36. Bd5 gxf4 37. Nf5 Qb5 38. Nd4 b3+ 39. Bxb3 Qa6 40. Rfe1
Kc7 41. Qxf4 Qa5 42. Re3 Rb8 43. Bc3 Qb6 44. Rde1 Re5 45. Qxf6 Nxb3 46. Qf7+
Be7 47. Qxe7+ Rxe7 48. Rxe7+ Kc8 49. Re8+ Qd8 50. cxb3 1-0

[Event "BPB Limburg open B"]
[Site "Maastricht"]
[Date "2014.06.07"]
[Round "2"]
[White "Broekhuis, Jan"]
[Black "Verhoef, Ruud"]
[Result "1-0"]
[WhiteElo "1842"]
[BlackElo "1919"]
[PlyCount "91"]
[EventDate "2014.06.06"]
[EventType "swiss"]
[EventRounds "7"]
[EventCountry "NED"]
[Source "P.Boonen"]
[SourceDate "2014.10.10"]

1. e4 e5 2. Nf3 Nf6 3. d3 Nc6 4. Be2 Be7 5. O-O O-O 6. Nc3 d5 7. h3 a5 8. a3 h6
9. exd5 Nxd5 10. Nxd5 Qxd5 11. c3 Be6 12. d4 exd4 13. cxd4 Bf6 14. Be3 Ne7 15.
Rc1 Qd7 16. Qc2 c6 17. Nh2 Bf5 18. Bd3 Bxd3 19. Qxd3 h5 20. Rfd1 g6 21. Nf3 Nf5
22. Rc2 Rfe8 23. Rcd2 Qd5 24. Bf4 Rad8 25. Be5 Bxe5 26. dxe5 Qxd3 27. Rxd3 Rxd3
28. Rxd3 Kg7 29. Kh2 Re7 30. g4 hxg4 31. hxg4 Nh6 32. Kg3 Ng8 33. Kf4 f6 34. g5
fxe5+ 35. Nxe5 Rc7 36. Rd7+ Rxd7 37. Nxd7 Ne7 38. Nb6 Kf7 39. Ke5 Nf5 40. Nc4
Nh4 41. Nxa5 Nf3+ 42. Kf4 Nd2 43. Nxb7 Nc4 44. Nd8+ Ke8 45. Nxc6 Nxb2 46. Ne5
1-0

[Event "BPB Limburg open B"]
[Site "Maastricht"]
[Date "2014.06.07"]
[Round "2"]
[White "Broekhuizen, Pieter"]
[Black "Eveleens, Ed"]
[Result "1-0"]
[WhiteElo "1837"]
[BlackElo "1779"]
[PlyCount "71"]
[EventDate "2014.06.06"]
[EventType "swiss"]
[EventRounds "7"]
[EventCountry "NED"]
[Source "P.Boonen"]
[SourceDate "2014.10.10"]

1. Nf3 g6 2. d4 c6 3. e4 Bg7 4. c3 Nf6 5. Bg5 Nxe4 6. Bd3 Nxg5 7. Nxg5 e5 8.
Nf3 exd4 9. O-O O-O 10. cxd4 Qb6 11. Qc2 Bxd4 12. Nxd4 Qxd4 13. Nc3 d5 14. Rad1
Qf6 15. f4 Bg4 16. Rde1 Na6 17. Qf2 Nb4 18. Be2 Bxe2 19. Rxe2 b6 20. a3 Nd3 21.
Qg3 Qd4+ 22. Kh1 Rfe8 23. f5 Qc4 24. f6 Rxe2 25. Nxe2 Re8 26. Qg5 Qc5 27. Qh6
Qf8 28. Qd2 Ne5 29. Nd4 Nc4 30. Qg5 Re5 31. Qg3 Re3 32. Qg5 Kh8 33. b3 Re5 34.
Qc1 Qxa3 35. Qh6 Qf8 36. Qxf8# 1-0

[Event "BPB Limburg open B"]
[Site "Maastricht"]
[Date "2014.06.07"]
[Round "2"]
[White "Cebula, Jerzy"]
[Black "Gendarme, Pierre"]
[Result "1-0"]
[WhiteElo "1998"]
[BlackElo "1844"]
[PlyCount "25"]
[EventDate "2014.06.06"]
[EventType "swiss"]
[EventRounds "7"]
[EventCountry "NED"]
[Source "P.Boonen"]
[SourceDate "2014.10.10"]

1. e4 e6 2. d4 d5 3. e5 c5 4. c3 Qb6 5. Nf3 Nc6 6. Be2 Nh6 7. Bxh6 Qxb2 8. Be3
cxd4 9. Nxd4 Nxd4 10. Bxd4 Qxa1 11. Bb5+ Bd7 12. Bxd7+ Kxd7 13. Qb3 1-0

[Event "BPB Limburg open B"]
[Site "Maastricht"]
[Date "2014.06.07"]
[Round "2"]
[White "Coenen, Bert"]
[Black "Feltman, Bart"]
[Result "0-1"]
[WhiteElo "1852"]
[BlackElo "1728"]
[PlyCount "72"]
[EventDate "2014.06.06"]
[EventType "swiss"]
[EventRounds "7"]
[EventCountry "NED"]
[Source "P.Boonen"]
[SourceDate "2014.10.10"]

1. e4 e6 2. d3 d5 3. Nd2 Nf6 4. Ngf3 c5 5. c3 Nc6 6. Be2 Be7 7. O-O O-O 8. Qc2
Qc7 9. a3 b5 10. b4 dxe4 11. dxe4 Rb8 12. bxc5 Bxc5 13. Nb3 Ne5 14. Nxc5 Qxc5
15. Be3 Nxf3+ 16. Bxf3 Qc7 17. e5 Nd7 18. Be4 Nxe5 19. Bxh7+ Kh8 20. Bd4 f5 21.
Bxe5 Qxe5 22. Bg6 Rf6 23. Bh5 Rh6 24. Qe2 Qc7 25. g3 Qxc3 26. Rfc1 Qf6 27. Bf3
Ba6 28. Rab1 Rb6 29. Qd2 e5 30. Qd7 e4 31. Be2 Qg5 32. Qxa7 Qd2 33. Rd1 Qxe2
34. Rd8+ Kh7 35. Qf7 Rhf6 36. Qh5+ Qxh5 0-1

[Event "BPB Limburg open B"]
[Site "Maastricht"]
[Date "2014.06.07"]
[Round "2"]
[White "Dalemans, Diana"]
[Black "Behr, Rene"]
[Result "1/2-1/2"]
[WhiteElo "1965"]
[BlackElo "1867"]
[PlyCount "87"]
[EventDate "2014.06.06"]
[EventType "swiss"]
[EventRounds "7"]
[EventCountry "NED"]
[Source "P.Boonen"]
[SourceDate "2014.10.10"]

1. e4 c5 2. Nf3 d6 3. d4 cxd4 4. Nxd4 Nf6 5. Nc3 a6 6. f4 b5 7. Bd3 Nbd7 8. a3
Qb6 9. Nf3 Bb7 10. Qe2 Nc5 11. Be3 Ng4 12. Bg1 Nxd3+ 13. cxd3 Qa5 14. Rc1 e6
15. h3 Nf6 16. Be3 Be7 17. Qf2 Qd8 18. O-O O-O 19. Nd4 Rc8 20. b4 Kh8 21. Nb3
Qd7 22. Rfd1 Rfd8 23. Bd4 Ba8 24. e5 Nd5 25. Ne4 Rxc1 26. Rxc1 Rc8 27. Rxc8+
Qxc8 28. exd6 Bf8 29. Bc5 Bc6 30. Nd4 Bd7 31. Nf3 Nxf4 32. Ne5 Ng6 33. Nxf7+
Kg8 34. Nfg5 Qe8 35. Nf3 Qf7 36. Ne1 Ne5 37. Qxf7+ Kxf7 38. Kf2 h6 39. Ke3 Ke8
40. Nc2 Bc6 41. Nd4 Bd5 42. Ne2 Kd7 43. N2g3 Nf7 44. Nh5 1/2-1/2

[Event "BPB Limburg open B"]
[Site "Maastricht"]
[Date "2014.06.07"]
[Round "2"]
[White "Dirksen, Marieke"]
[Black "Tutenel, Erik"]
[Result "1-0"]
[WhiteElo "2005"]
[BlackElo "1863"]
[PlyCount "65"]
[EventDate "2014.06.06"]
[EventType "swiss"]
[EventRounds "7"]
[EventCountry "NED"]
[Source "P.Boonen"]
[SourceDate "2014.10.10"]

1. e4 e5 2. Nf3 Nc6 3. Bb5 a6 4. Ba4 Nf6 5. Qe2 b5 6. Bb3 Be7 7. O-O O-O 8. c3
d5 9. d3 h6 10. exd5 Nxd5 11. Nxe5 Nxe5 12. Qxe5 Nf6 13. Qg3 Bd6 14. f4 Bb7 15.
Be3 Re8 16. Nd2 Qd7 17. Rae1 Rad8 18. Nf3 Qf5 19. Ne5 Re7 20. d4 Be4 21. Qh4
Bxe5 22. fxe5 Qg6 23. g3 Nd5 24. Bxd5 Bxd5 25. Qxe7 Qe4 26. Qxd8+ Kh7 27. Re2
Qh1+ 28. Kf2 Qxh2+ 29. Ke1 Qxg3+ 30. Kd2 Bc4 31. Qa8 Qg6 32. Qf3 Bxe2 33. Qxe2
1-0

[Event "BPB Limburg open B"]
[Site "Maastricht"]
[Date "2014.06.07"]
[Round "2"]
[White "Eben, Jonathan"]
[Black "Frijling, Jeroen"]
[Result "0-1"]
[WhiteElo "1806"]
[BlackElo "1835"]
[PlyCount "66"]
[EventDate "2014.06.06"]
[EventType "swiss"]
[EventRounds "7"]
[EventCountry "NED"]
[Source "P.Boonen"]
[SourceDate "2014.10.10"]

1. e4 c5 2. Nf3 Nc6 3. d4 cxd4 4. Nxd4 e5 5. Nf3 Nf6 6. Bg5 h6 7. Bxf6 Qxf6 8.
Nbd2 d6 9. c3 Be6 10. Qa4 Be7 11. Nc4 O-O 12. Ne3 Rfd8 13. Nd5 Bxd5 14. exd5
Nb8 15. Bd3 Nd7 16. Qe4 g6 17. O-O Nc5 18. Qe3 Nxd3 19. Qxd3 Bf8 20. Rfe1 Qg7
21. Rab1 f5 22. Qb5 Rac8 23. Rbd1 Rc5 24. Qb3 Rdc8 25. Re2 b5 26. Red2 a5 27.
a3 Qb7 28. Ne1 Kh7 29. Nc2 Be7 30. g3 Rd8 31. Ne3 Bg5 32. a4 Bxe3 33. fxe3 Ra8
{.....} 0-1

[Event "BPB Limburg open B"]
[Site "Maastricht"]
[Date "2014.06.07"]
[Round "2"]
[White "Fortenbacher, Florian"]
[Black "Gunther, Marcella"]
[Result "0-1"]
[WhiteElo "1584"]
[BlackElo "1922"]
[PlyCount "50"]
[EventDate "2014.06.06"]
[EventType "swiss"]
[EventRounds "7"]
[EventCountry "NED"]
[Source "P.Boonen"]
[SourceDate "2014.10.10"]

1. e4 c5 2. Nf3 d6 3. d4 cxd4 4. Nxd4 Nf6 5. Nc3 a6 6. Bg5 e6 7. f4 Be7 8. Qf3
Nbd7 9. Bd3 Qc7 10. Nb3 b5 11. O-O Bb7 12. Rae1 O-O 13. Qg3 Nh5 14. Qh4 Bxg5
15. Qxg5 Nhf6 16. e5 Nd5 17. Ne4 dxe5 18. fxe5 Nxe5 19. Nf6+ Nxf6 20. Rxe5 h6
21. Qg3 Nd7 22. Rg5 Qb6+ 23. Kh1 hxg5 24. Qh3 f5 25. Qh5 Qe3 0-1

[Event "BPB Limburg open B"]
[Site "Maastricht"]
[Date "2014.06.07"]
[Round "2"]
[White "Freer, Robert"]
[Black "Van Hoorn, Frank"]
[Result "0-1"]
[WhiteElo "1863"]
[BlackElo "1665"]
[PlyCount "98"]
[EventDate "2014.06.06"]
[EventType "swiss"]
[EventRounds "7"]
[EventCountry "NED"]
[Source "P.Boonen"]
[SourceDate "2014.10.10"]

1. e4 c5 2. Nf3 Nc6 3. Bb5 g6 4. Bxc6 bxc6 5. O-O Nf6 6. d3 Bg7 7. Nc3 O-O 8.
Be3 d6 9. Qd2 Bg4 10. Ne1 Rb8 11. h3 Bd7 12. Rb1 Qa5 13. Bh6 Be6 14. Bxg7 Kxg7
15. Qc1 Rb7 16. f4 Rfb8 17. Nd1 Nh5 18. f5 Ng3 19. Qe3 Nxf1 20. Kxf1 gxf5 21.
exf5 Bxf5 22. b3 Bg6 23. Nf2 Qc3 24. Ng4 h5 25. Qh6+ Kg8 26. Nh2 Qg7 27. Qd2 e5
28. h4 d5 29. g3 e4 30. dxe4 Bxe4 31. Qf4 Rb4 32. Qf2 c4 33. Nhf3 cxb3 34. axb3
Qf6 35. Kg2 a5 36. Rc1 a4 37. bxa4 Rb1 38. Qd2 Qa1 39. Qg5+ Bg6 40. Rxb1 Rxb1
41. Nd3 Qxa4 42. Nde1 Qg4 43. Qd8+ Kg7 44. Kf2 Rb2 45. Qd6 Qe6 46. Qc5 Qf6 47.
Ke3 Rb5 48. Qa7 Qc3+ 49. Kf2 Qc5+ 0-1

[Event "BPB Limburg open B"]
[Site "Maastricht"]
[Date "2014.06.07"]
[Round "2"]
[White "Glasbeek, Steven"]
[Black "Laan, Yorick"]
[Result "1-0"]
[WhiteElo "1847"]
[BlackElo "1776"]
[PlyCount "71"]
[EventDate "2014.06.06"]
[EventType "swiss"]
[EventRounds "7"]
[EventCountry "NED"]
[Source "P.Boonen"]
[SourceDate "2014.10.10"]

1. c4 Nf6 2. Nc3 c5 3. g3 d5 4. cxd5 Nxd5 5. Bg2 e6 6. Qb3 Nb4 7. d3 N8c6 8.
Nf3 Be7 9. O-O e5 10. a3 Be6 11. Qa4 e4 12. Ne5 O-O 13. axb4 Nxe5 14. dxe4 cxb4
15. Nd5 Bc5 16. Bf4 Ng4 17. h3 g5 18. Bc7 Qc8 19. Rac1 Bxd5 20. Rxc5 Bc6 21.
Rxg5+ Kh8 22. Qxb4 Qxc7 23. Qc3+ f6 24. hxg4 Rac8 25. Rh5 Qg7 26. Qe3 a6 27.
Bf3 Be8 28. Rh4 f5 29. exf5 Qxb2 30. Kg2 a5 31. Rfh1 Rc7 32. Be4 h5 33. Qh6+
Kg8 34. Bd5+ Bf7 35. Bxf7+ Rcxf7 36. Rxh5 1-0

[Event "BPB Limburg open B"]
[Site "Maastricht"]
[Date "2014.06.07"]
[Round "2"]
[White "Gruschinski, Marc"]
[Black "Van de Pavoordt, Max"]
[Result "0-1"]
[WhiteElo "1714"]
[BlackElo "1839"]
[PlyCount "60"]
[EventDate "2014.06.06"]
[EventType "swiss"]
[EventRounds "7"]
[EventCountry "NED"]
[Source "P.Boonen"]
[SourceDate "2014.10.10"]

1. Nf3 e6 2. g3 d5 3. Bg2 c5 4. c4 Nc6 5. O-O Nf6 6. d4 Bd6 7. cxd5 Nxd5 8. e4
Nb6 9. e5 Be7 10. dxc5 Qxd1 11. Rxd1 Bxc5 12. Nc3 a6 13. Ne4 Be7 14. b3 O-O 15.
Bb2 Bd7 16. Rac1 Nb4 17. Rc7 N4d5 18. Rcc1 Rac8 19. Bd4 Bc6 20. Nc5 Rfd8 21.
Nd2 Nd7 22. Nde4 Nxc5 23. Nxc5 Rc7 24. Ne4 f5 25. exf6 gxf6 26. f4 Rcd7 27. Bf3
Nxf4 28. Bxf6 Bxe4 29. Rxd7 Rxd7 30. gxf4 Bxf3 0-1

[Event "BPB Limburg open B"]
[Site "Maastricht"]
[Date "2014.06.07"]
[Round "2"]
[White "Hermes, Geoff R"]
[Black "Leontiev, Oleg"]
[Result "0-1"]
[WhiteElo "1937"]
[BlackElo "1896"]
[PlyCount "52"]
[EventDate "2014.06.06"]
[EventType "swiss"]
[EventRounds "7"]
[EventCountry "NED"]
[Source "P.Boonen"]
[SourceDate "2014.10.10"]

1. e4 e6 2. d4 d5 3. e5 c5 4. c3 Qb6 5. a3 Nc6 6. Nf3 Bd7 7. b4 cxd4 8. cxd4
Nge7 9. Bb2 Ng6 10. Nc3 Be7 11. h4 O-O 12. h5 Nh8 13. Bd3 f5 14. Ne2 Nf7 15.
Nf4 Ng5 16. Ng6 hxg6 17. hxg6 Be8 18. Nxg5 Bxg5 19. Qh5 Bh6 20. Bc1 Ne7 21.
Bxh6 gxh6 22. Qxh6 Bxg6 23. a4 a6 24. Ke2 Kf7 25. Qg5 Ke8 26. a5 Qxd4 0-1

[Event "BPB Limburg open B"]
[Site "Maastricht"]
[Date "2014.06.07"]
[Round "2"]
[White "Hoelting, Siegfried"]
[Black "Coenen, Siegfried"]
[Result "1/2-1/2"]
[WhiteElo "1938"]
[BlackElo "1992"]
[PlyCount "80"]
[EventDate "2014.06.06"]
[EventType "swiss"]
[EventRounds "7"]
[EventCountry "NED"]
[Source "P.Boonen"]
[SourceDate "2014.10.10"]

1. e4 e5 2. Nf3 Nf6 3. d4 Nxe4 4. dxe5 d5 5. Bd3 Be7 6. O-O Nc5 7. h3 Nxd3 8.
Qxd3 b6 9. Re1 O-O 10. c3 c5 11. Bf4 Bb7 12. Nbd2 Na6 13. a3 Nc7 14. Nf1 Ne6
15. Bg3 Qc8 16. Ne3 Rd8 17. Nf5 Bf8 18. Rad1 Ba6 19. Qe3 Qc6 20. Ng5 Re8 21.
Nxe6 Qxe6 22. Nd6 Bxd6 23. exd6 Qxe3 24. Rxe3 Rxe3 25. fxe3 Bb7 26. c4 Rd8 27.
cxd5 f6 28. e4 Kf7 29. h4 Ke8 30. Kf2 Kd7 31. Rc1 f5 32. Re1 fxe4 33. Rxe4 Rf8+
34. Ke3 Rf7 35. Rf4 Bxd5 36. Rxf7+ Bxf7 37. Bf4 Be8 38. Ke4 Kc6 39. Ke5 Bd7 40.
g3 b5 {.....} 1/2-1/2